[Event "EYCC Open-U12 2019"]
[Site "Bratislava"]
[Date "2019.08.09"]
[Round "8.48"]
[White "Fizer, Marek"]
[Black "Stevik, Patrik"]
[Result "1-0"]
[WhiteElo "1624"]
[BlackElo "1941"]
[Annotator "NA"]
[PlyCount "103"]
[EventDate "2019.08.02"]
[EventType "swiss"]
[EventCountry "SVK"]
[SourceTitle "playchess.com"]
[Source "ChessBase"]
[SourceQuality "1"]
[TimeControl "40/5400+30:1800+30"]

1. e4 {[%emt 0:00:00]} g6 {[%emt 0:00:00]} 2. d4 {[%emt 0:00:00]} Bg7 {[%emt 0:00:00]} 3. Nf3 {[%emt 0:00:00]} d6 {[%emt 0:00:00]} 4. Bc4 {[%emt 0:00:01]} a6 {[%emt 0:00:06]} 5. Qe2 {[%emt 0:00:40]} b5 {[%emt 0:00:15]} 6. Bd3 {[%emt 0:01:20]} Bb7 {[%emt 0:00:16]} 7. O-O {[%emt 0:01:18]} Nd7 {[%emt 0:01:01]} 8. Nbd2 {[%emt 0:02:36]} c5 {[%emt 0:01:41]} 9. c3 {[%emt 0:00:25]} e6 {[%emt 0:06:21]} 10. a4 {[%emt 0:03:01]} b4 {[%emt 0:00:22]} 11. Nc4 {[%emt 0:01:22]} Qc7 {[%emt 0:00:39]} 12. e5 {[%emt 0:04:06]} dxe5 {[%emt 0:03:23]} 13. dxe5 {[%emt 0:00:19]} Ne7 {[%emt 0:06:02]} 14. Nd6+ {[%emt 0:01:00]} Kf8 {[%emt 0:01:06]} 15. Bf4 {[%emt 0:01:50]} Nd5 {[%emt 0:01:43]} 16. Bg3 {[%emt 0:00:14]} bxc3 {[%emt 0:01:24]} 17. bxc3 {[%emt 0:08:46]} Nxc3 {[%emt 0:00:19]} 18. Qb2 {[%emt 0:00:53]} Bxf3 {[%emt 0:00:43]} 19. Qxc3 {[%emt 0:16:44]} Bd5 {[%emt 0:03:00]} 20. Rac1 {[%emt 0:02:13]} h5 {[%emt 0:05:10]} 21. f4 {[%emt 0:02:43]} Qc6 {[%emt 0:02:17]} 22. Qc2 {[%emt 0:02:02]} h4 {[%emt 0:01:51]} 23. Be1 {[%emt 0:01:01]} Rb8 {[%emt 0:16:04]} 24. Bxg6 {[%emt 0:15:42]} h3 {[%emt 0:19:50]} 25. g3 {[%emt 0:00:58]} Bb3 {[%emt 0:04:53]} 26. Qe4 {[%emt 0:02:06]} Bd5 {[%emt 0:00:51]} 27. Qc2 {[%emt 0:00:32]} Bb3 {[%emt 0:03:31]} 28. Qe4 {[%emt 0:00:29]} Bd5 {[%emt 0:00:04]} 29. Qc2 {[%emt 0:00:23]} Rb3 {[%emt 0:01:39]} 30. Nxf7 {[%emt 0:03:04]} Qb6 {[%emt 0:07:57]} 31. a5 {[%emt 0:08:51]} Qb7 {[%emt 0:00:24]} 32. Nd6 {[%emt 0:02:37]} Qb8 {[%emt 0:02:21]} 33. Rb1 {[%emt 0:02:02]} Ke7 {[%emt 0:05:09]} 34. Rxb3 {[%emt 0:00:55]} Bxb3 {[%emt 0:00:01]} 35. Qd2 {[%emt 0:02:05]} Rf8 {[%emt 0:02:50]} 36. g4 {[%emt 0:05:01]} Nxe5 {[%emt 0:04:15]} 37. fxe5 {[%emt 0:01:04]} Bxe5 {[%emt 0:00:28]} 38. Bh4+ {[%emt 0:00:28]} Kd7 {[%emt 0:00:24]} 39. Rxf8 {[%emt 0:09:21]} Qxf8 {[%emt 0:00:01]} 40. Nf7+ {[%emt 0:00:00]} Bd4+ {[%emt 0:00:00]} 41. Bf2 {[%emt 0:01:00]} Qg7 {[%emt 0:02:05]} 42. Bxd4 {[%emt 0:02:12]} cxd4 {[%emt 0:01:58]} 43. Qb4 {[%emt 0:00:40]} Bd5 {[%emt 0:01:29]} 44. Qd6+ {[%emt 0:00:21]} Kc8 {[%emt 0:00:15]} 45. Qxa6+ {[%emt 0:00:27]} Kb8 {[%emt 0:01:25]} 46. Qb6+ {[%emt 0:01:06]} Ka8 {[%emt 0:01:24]} 47. Qd8+ {[%emt 0:00:23]} Kb7 {[%emt 0:01:04]} 48. Nd6+ {[%emt 0:01:13]} Ka7 {[%emt 0:00:43]} 49. Nb5+ {[%emt 0:00:46]} Kb7 {[%emt 0:00:19]} 50. Qb6+ {[%emt 0:00:15]} Kc8 {[%emt 0:00:23]} 51. Nd6+ {[%emt 0:00:09]} Kd7 {[%emt 0:00:12]} 52. Qa7+ 1-0

[Event "EYCC Open-U12 2019"]
[Site "Bratislava"]
[Date "2019.08.09"]
[Round "8.49"]
[White "Aasen, Fredrik"]
[Black "Culum, Sanjin"]
[Result "0-1"]
[WhiteElo "1606"]
[BlackElo "1912"]
[Annotator "NA"]
[PlyCount "58"]
[EventDate "2019.08.02"]
[EventType "swiss"]
[EventCountry "SVK"]
[SourceTitle "playchess.com"]
[Source "ChessBase"]
[SourceQuality "1"]
[TimeControl "40/5400+30:1800+30"]

1. c4 {[%emt 0:00:00]} e5 {[%emt 0:00:00]} 2. g3 {[%emt 0:00:00]} Nf6 {[%emt 0:00:00]} 3. Bg2 {[%emt 0:00:00]} Nc6 {[%emt 0:00:51]} 4. Nc3 {[%emt 0:00:24]} Bc5 {[%emt 0:01:06]} 5. a3 {[%emt 0:01:42]} a5 {[%emt 0:00:34]} 6. e3 {[%emt 0:01:43]} O-O {[%emt 0:01:05]} 7. Nge2 {[%emt 0:01:52]} Re8 {[%emt 0:00:27]} 8. d3 {[%emt 0:00:51]} d6 {[%emt 0:01:30]} 9. h3 {[%emt 0:02:15]} Bb6 {[%emt 0:07:21]} 10. b3 {[%emt 0:04:39]} Be6 {[%emt 0:00:24]} 11. O-O {[%emt 0:03:52]} d5 {[%emt 0:01:39]} 12. Bb2 {[%emt 0:08:19]} Qd7 {[%emt 0:01:14]} 13. Kh2 {[%emt 0:02:17]} Rad8 {[%emt 0:00:48]} 14. Qc2 {[%emt 0:10:06]} d4 {[%emt 0:03:35]} 15. exd4 {[%emt 0:05:59]} exd4 {[%emt 0:00:08]} 16. Na4 {[%emt 0:04:50]} Bf5 {[%emt 0:04:38]} 17. Rfe1 {[%emt 0:06:19]} Ne5 {[%emt 0:05:38]} 18. Nxb6 {[%emt 0:06:30]} cxb6 {[%emt 0:00:03]} 19. Rad1 {[%emt 0:01:08]} Bxh3 {[%emt 0:12:18]} 20. Bxh3 {[%emt 0:01:54]} Nf3+ {[%emt 0:00:02]} 21. Kg2 {[%emt 0:01:31]} Qc6 {[%emt 0:00:15]} 22. Kf1 {[%emt 0:07:25]} Nxe1 {[%emt 0:00:04]} 23. Kxe1 {[%emt 0:02:09]} Qf3 {[%emt 0:00:08]} 24. Bf1 {[%emt 0:06:10]} Ng4 {[%emt 0:00:13]} 25. Kd2 {[%emt 0:02:43]} Nxf2 {[%emt 0:00:38]} 26. Ra1 {[%emt 0:04:56]} Qe3+ {[%emt 0:00:19]} 27. Ke1 {[%emt 0:00:08]} Nxd3+ {[%emt 0:00:05]} 28. Kd1 {[%emt 0:00:15]} Nxb2+ {[%emt 0:00:06]} 29. Qxb2 {[%emt 0:00:15]} d3 {[%emt 0:00:13]} 0-1

[Event "EYCC Open-U12 2019"]
[Site "Bratislava"]
[Date "2019.08.09"]
[Round "8.50"]
[White "Kolani, Arjun"]
[Black "Rotunno, Flavio"]
[Result "1-0"]
[WhiteElo "1699"]
[BlackElo "1819"]
[Annotator "NA"]
[PlyCount "63"]
[EventDate "2019.08.02"]
[EventType "swiss"]
[EventCountry "SVK"]
[SourceTitle "playchess.com"]
[Source "ChessBase"]
[SourceQuality "1"]
[TimeControl "40/5400+30:1800+30"]

1. e4 {[%emt 0:00:00]} c5 {[%emt 0:00:00]} 2. Nf3 {[%emt 0:00:00]} Nc6 {[%emt 0:00:00]} 3. d4 {[%emt 0:00:00]} cxd4 {[%emt 0:00:00]} 4. Nxd4 {[%emt 0:00:05]} g6 {[%emt 0:00:00]} 5. c4 {[%emt 0:00:29]} Bg7 {[%emt 0:00:00]} 6. Be3 {[%emt 0:00:09]} Nf6 {[%emt 0:00:08]} 7. Nc3 {[%emt 0:00:14]} Ng4 {[%emt 0:00:12]} 8. Qxg4 {[%emt 0:00:27]} Nxd4 {[%emt 0:00:05]} 9. Qd1 {[%emt 0:00:38]} e5 {[%emt 0:00:05]} 10. Be2 {[%emt 0:07:10]} O-O {[%emt 0:03:56]} 11. O-O {[%emt 0:02:53]} d6 {[%emt 0:01:15]} 12. Qd2 {[%emt 0:06:06]} a6 {[%emt 0:05:42]} 13. Rac1 {[%emt 0:14:05]} Be6 {[%emt 0:03:32]} 14. Nd5 {[%emt 0:08:29]} Rc8 {[%emt 0:10:05]} 15. b3 {[%emt 0:04:43]} Bxd5 {[%emt 0:04:40]} 16. cxd5 {[%emt 0:02:50]} Qd7 {[%emt 0:02:36]} 17. Bd3 {[%emt 0:12:10]} f5 {[%emt 0:26:10]} 18. Bxd4 {[%emt 0:11:17]} exd4 {[%emt 0:00:20]} 19. exf5 {[%emt 0:01:12]} gxf5 {[%emt 0:01:22]} 20. Rxc8 {[%emt 0:02:08]} Rxc8 {[%emt 0:01:12]} 21. Qg5 {[%emt 0:05:49]} Rf8 {[%emt 0:04:15]} 22. Re1 {[%emt 0:01:45]} Rf6 {[%emt 0:01:08]} 23. Re6 {[%emt 0:03:19]} h6 {[%emt 0:02:34]} 24. Qh4 {[%emt 0:04:47]} Rxe6 {[%emt 0:04:06]} 25. dxe6 Qxe6 {[%emt 0:01:08]} 26. Qd8+ {[%emt 0:02:25]} Kh7 {[%emt 0:00:29]} 27. g4 {[%emt 0:00:44]} Bf6 {[%emt 0:09:58]} 28. Qf8 {[%emt 0:01:21]} Qe1+ {[%emt 0:07:26]} 29. Kg2 {[%emt 0:00:17]} Kg6 {[%emt 0:00:34]} 30. Bxf5+ {[%emt 0:00:50]} Kg5 {[%emt 0:00:08]} 31. h4+ {[%emt 0:01:22]} Kf4 {[%emt 0:00:19]} 32. Qxf6 {[%emt 0:00:28]} 1-0

[Event "EYCC Open-U12 2019"]
[Site "Bratislava"]
[Date "2019.08.09"]
[Round "8.51"]
[White "Vilimek, Vit"]
[Black "Aasen, Joakim"]
[Result "0-1"]
[WhiteElo "1523"]
[BlackElo "1718"]
[Annotator "NA"]
[PlyCount "80"]
[EventDate "2019.08.02"]
[EventType "swiss"]
[EventCountry "SVK"]
[SourceTitle "playchess.com"]
[Source "ChessBase"]
[SourceQuality "1"]
[TimeControl "40/5400+30:1800+30"]

1. e4 {[%emt 0:00:00]} c5 {[%emt 0:00:00]} 2. Nf3 {[%emt 0:00:00]} Nc6 {[%emt 0:00:11]} 3. d4 {[%emt 0:00:00]} cxd4 {[%emt 0:00:16]} 4. Nxd4 {[%emt 0:00:00]} g6 {[%emt 0:00:20]} 5. Nc3 {[%emt 0:00:00]} Bg7 {[%emt 0:00:13]} 6. Be3 {[%emt 0:00:02]} Nf6 {[%emt 0:00:36]} 7. f3 {[%emt 0:06:22]} O-O {[%emt 0:00:58]} 8. Qd2 {[%emt 0:01:30]} d5 {[%emt 0:01:01]} 9. O-O-O {[%emt 0:09:41]} Nxd4 {[%emt 0:05:25]} 10. Bxd4 {[%emt 0:00:44]} dxe4 {[%emt 0:01:06]} 11. Bxf6 {[%emt 0:16:28]} Qxd2+ {[%emt 0:03:21]} 12. Rxd2 {[%emt 0:00:24]} exf6 {[%emt 0:01:53]} 13. f4 {[%emt 0:25:04]} f5 {[%emt 0:03:27]} 14. Nd5 {[%emt 0:03:30]} Be6 {[%emt 0:04:07]} 15. Nc7 {[%emt 0:10:15]} Rad8 {[%emt 0:02:52]} 16. Nxe6 {[%emt 0:02:09]} fxe6 {[%emt 0:01:01]} 17. Bc4 {[%emt 0:00:30]} Bxb2+ {[%emt 0:03:53]} 18. Kd1 {[%emt 0:00:37]} Rxd2+ {[%emt 0:00:56]} 19. Kxd2 {[%emt 0:00:09]} Rd8+ {[%emt 0:00:26]} 20. Ke2 {[%emt 0:01:34]} Rd6 {[%emt 0:15:39]} 21. Rd1 {[%emt 0:08:46]} Rc6 {[%emt 0:10:24]} 22. Rd8+ {[%emt 0:02:42]} Kf7 {[%emt 0:01:48]} 23. Bb3 {[%emt 0:00:27]} Rc7 {[%emt 0:01:27]} 24. Rd6 {[%emt 0:09:29]} Re7 {[%emt 0:02:04]} 25. g3 {[%emt 0:01:02]} Ba3 {[%emt 0:01:30]} 26. Rd8 {[%emt 0:00:55]} Bc5 {[%emt 0:01:27]} 27. Rc8 {[%emt 0:00:21]} b6 {[%emt 0:01:38]} 28. Rh8 {[%emt 0:00:30]} Kg7 {[%emt 0:01:34]} 29. Ra8 {[%emt 0:00:11]} Bg1 {[%emt 0:00:39]} 30. h3 {[%emt 0:00:37]} h5 {[%emt 0:03:16]} 31. Kf1 {[%emt 0:00:54]} Be3 {[%emt 0:04:37]} 32. Ke2 {[%emt 0:00:29]} Bc1 {[%emt 0:00:09]} 33. Bc4 {[%emt 0:00:27]} h4 {[%emt 0:02:03]} 34. g4 {[%emt 0:00:37]} fxg4 {[%emt 0:03:13]} 35. hxg4 {[%emt 0:00:12]} h3 {[%emt 0:00:29]} 36. Kf2 {[%emt 0:00:24]} h2 {[%emt 0:00:10]} 37. Kg2 {[%emt 0:00:09]} Bxf4 {[%emt 0:00:08]} 38. Be2 {[%emt 0:00:47]} Rd7 {[%emt 0:00:50]} 39. g5 {[%emt 0:00:46]} e5 {[%emt 0:00:43]} 40. Bg4 {[%emt 0:00:00]} Rc7 {[%emt 0:00:00]} 0-1

[Event "EYCC Open-U12 2019"]
[Site "Bratislava"]
[Date "2019.08.09"]
[Round "8.52"]
[White "Cherniaev, Danil"]
[Black "Gschiel, Alexander"]
[Result "0-1"]
[WhiteElo "1513"]
[BlackElo "1768"]
[Annotator "NA"]
[PlyCount "76"]
[EventDate "2019.08.02"]
[EventType "swiss"]
[EventCountry "SVK"]
[SourceTitle "playchess.com"]
[Source "ChessBase"]
[SourceQuality "1"]
[TimeControl "40/5400+30:1800+30"]

1. d4 {[%emt 0:00:00]} Nf6 {[%emt 0:00:00]} 2. c4 {[%emt 0:00:00]} c6 {[%emt 0:00:00]} 3. Nc3 {[%emt 0:00:00]} d5 {[%emt 0:00:12]} 4. cxd5 {[%emt 0:00:00]} cxd5 {[%emt 0:00:43]} 5. Bf4 {[%emt 0:01:26]} Qb6 {[%emt 0:01:19]} 6. Qd2 {[%emt 0:02:53]} Nc6 {[%emt 0:04:07]} 7. e3 {[%emt 0:00:10]} Bf5 {[%emt 0:00:48]} 8. Bd3 {[%emt 0:02:27]} Bxd3 {[%emt 0:01:20]} 9. Qxd3 {[%emt 0:00:06]} e6 {[%emt 0:03:05]} 10. Nge2 {[%emt 0:02:45]} Be7 {[%emt 0:03:40]} 11. O-O {[%emt 0:00:15]} O-O {[%emt 0:03:48]} 12. a3 {[%emt 0:02:22]} Na5 {[%emt 0:04:35]} 13. b4 {[%emt 0:00:56]} Nc4 {[%emt 0:01:06]} 14. Na4 {[%emt 0:00:18]} Qb5 {[%emt 0:02:48]} 15. Nec3 {[%emt 0:01:13]} Qd7 {[%emt 0:02:32]} 16. Nc5 {[%emt 0:00:55]} Bxc5 {[%emt 0:01:12]} 17. bxc5 {[%emt 0:00:34]} Nh5 {[%emt 0:02:19]} 18. Bg5 {[%emt 0:02:05]} b6 {[%emt 0:05:29]} 19. Qe2 {[%emt 0:00:34]} g6 {[%emt 0:06:24]} 20. Bh6 {[%emt 0:06:01]} Rfc8 {[%emt 0:01:21]} 21. g4 {[%emt 0:04:10]} Ng7 {[%emt 0:01:52]} 22. e4 {[%emt 0:02:38]} bxc5 {[%emt 0:06:35]} 23. exd5 {[%emt 0:00:18]} exd5 {[%emt 0:00:31]} 24. dxc5 {[%emt 0:01:39]} Rxc5 {[%emt 0:05:24]} 25. Rfd1 {[%emt 0:01:13]} Qe6 {[%emt 0:02:44]} 26. Qf3 {[%emt 0:01:20]} Ne5 {[%emt 0:01:19]} 27. Qe3 {[%emt 0:01:26]} Rac8 {[%emt 0:00:49]} 28. Na4 {[%emt 0:05:01]} Rc4 {[%emt 0:01:51]} 29. Nb2 {[%emt 0:02:03]} Rxg4+ {[%emt 0:00:41]} 30. Kf1 {[%emt 0:00:55]} Nf5 {[%emt 0:01:09]} 31. Qb3 {[%emt 0:00:35]} Nxh6 {[%emt 0:01:14]} 32. Rxd5 {[%emt 0:00:22]} Rd4 {[%emt 0:03:51]} 33. Rd1 {[%emt 0:00:07]} Rxd5 {[%emt 0:00:38]} 34. Rxd5 {[%emt 0:00:10]} Nhg4 {[%emt 0:00:30]} 35. Qd1 {[%emt 0:00:50]} Qf6 {[%emt 0:01:33]} 36. Qe2 {[%emt 0:01:09]} Qg5 {[%emt 0:03:23]} 37. h3 {[%emt 0:00:56]} Nh2+ {[%emt 0:00:07]} 38. Ke1 {[%emt 0:00:09]} Qg1+ {[%emt 0:00:09]} 0-1

[Event "EYCC Open-U12 2019"]
[Site "Bratislava"]
[Date "2019.08.09"]
[Round "8.53"]
[White "Grishin, Petr E."]
[Black "Gudmundsson, Gunnar Erik"]
[Result "1/2-1/2"]
[WhiteElo "1506"]
[BlackElo "1746"]
[Annotator "NA"]
[PlyCount "97"]
[EventDate "2019.08.02"]
[EventType "swiss"]
[EventCountry "SVK"]
[SourceTitle "playchess.com"]
[Source "ChessBase"]
[SourceQuality "1"]
[TimeControl "40/5400+30:1800+30"]

1. c4 {[%emt 0:00:00]} Nf6 {[%emt 0:00:15]} 2. g3 {[%emt 0:00:00]} e5 {[%emt 0:01:00]} 3. Bg2 {[%emt 0:00:00]} c6 {[%emt 0:00:10]} 4. Nf3 {[%emt 0:00:00]} Qc7 {[%emt 0:06:55]} 5. Nc3 {[%emt 0:01:17]} d5 {[%emt 0:01:09]} 6. cxd5 {[%emt 0:01:52]} cxd5 {[%emt 0:00:14]} 7. d4 {[%emt 0:01:23]} e4 {[%emt 0:03:22]} 8. Ne5 {[%emt 0:00:45]} Bd6 {[%emt 0:03:28]} 9. Bf4 {[%emt 0:04:38]} O-O {[%emt 0:12:09]} 10. O-O {[%emt 0:00:15]} Qe7 {[%emt 0:09:07]} 11. Qb3 {[%emt 0:04:01]} Be6 {[%emt 0:02:07]} 12. Nb5 {[%emt 0:08:19]} Ne8 {[%emt 0:03:42]} 13. Nxd6 {[%emt 0:04:18]} Nxd6 {[%emt 0:00:11]} 14. Qa3 {[%emt 0:01:27]} Rd8 {[%emt 0:03:27]} 15. h3 {[%emt 0:06:27]} h5 {[%emt 0:09:37]} 16. g4 {[%emt 0:04:14]} Qf6 {[%emt 0:09:07]} 17. e3 {[%emt 0:06:42]} hxg4 {[%emt 0:02:07]} 18. hxg4 {[%emt 0:01:14]} a6 {[%emt 0:11:17]} 19. Rac1 {[%emt 0:04:28]} Nb5 {[%emt 0:00:59]} 20. Qb4 {[%emt 0:00:54]} Nd7 {[%emt 0:06:41]} 21. a4 {[%emt 0:01:04]} Na7 {[%emt 0:00:48]} 22. Qxb7 {[%emt 0:01:59]} Nxe5 {[%emt 0:03:42]} 23. Bxe5 {[%emt 0:01:41]} Qg5 {[%emt 0:00:36]} 24. Bc7 {[%emt 0:01:15]} Re8 {[%emt 0:01:37]} 25. Qxa6 {[%emt 0:02:54]} Bxg4 {[%emt 0:00:49]} 26. Bf4 {[%emt 0:00:30]} Qh5 {[%emt 0:00:45]} 27. Rfe1 {[%emt 0:01:50]} Bf3 {[%emt 0:02:55]} 28. Qb7 {[%emt 0:06:13]} Bxg2 {[%emt 0:05:07]} 29. Kxg2 {[%emt 0:00:10]} Qf3+ {[%emt 0:00:05]} 30. Kg1 {[%emt 0:03:29]} Re6 {[%emt 0:00:58]} 31. Qxa8+ {[%emt 0:02:32]} Kh7 {[%emt 0:00:04]} 32. Qb8 {[%emt 0:01:35]} Rg6+ {[%emt 0:00:24]} 33. Bg3 {[%emt 0:00:08]} Rh6 {[%emt 0:00:08]} 34. Bh2 {[%emt 0:00:09]} Rg6+ {[%emt 0:00:27]} 35. Qg3 {[%emt 0:00:43]} Rxg3+ {[%emt 0:00:47]} 36. Bxg3 {[%emt 0:00:06]} Qf6 {[%emt 0:00:18]} 37. Rc7 {[%emt 0:04:10]} Nc6 {[%emt 0:01:00]} 38. Rc1 {[%emt 0:01:12]} Na5 {[%emt 0:00:46]} 39. b4 {[%emt 0:02:33]} Nc4 {[%emt 0:00:34]} 40. a5 {[%emt 0:00:00]} Kg8 {[%emt 0:00:00]} 41. Ra1 {[%emt 0:04:07]} Qa6 {[%emt 0:05:39]} 42. Rc5 {[%emt 0:01:27]} Nd2 {[%emt 0:08:03]} 43. b5 {[%emt 0:03:56]} Qe6 {[%emt 0:04:22]} 44. Kh2 {[%emt 0:15:45]} Qg4 {[%emt 0:08:11]} 45. Rxd5 {[%emt 0:02:36]} f5 {[%emt 0:04:45]} 46. b6 {[%emt 0:03:35]} Qh5+ {[%emt 0:00:15]} 47. Kg2 {[%emt 0:00:12]} Qf3+ {[%emt 0:00:33]} 48. Kg1 {[%emt 0:01:50]} Qh5 {[%emt 0:02:33]} 49. Kg2 1/2-1/2

[Event "EYCC Open-U12 2019"]
[Site "Bratislava"]
[Date "2019.08.09"]
[Round "8.54"]
[White "Snitsarenko, Igor"]
[Black "Prazak, Daniel"]
[Result "1-0"]
[WhiteElo "1481"]
[BlackElo "1586"]
[Annotator "NA"]
[PlyCount "69"]
[EventDate "2019.08.02"]
[EventType "swiss"]
[EventCountry "SVK"]
[SourceTitle "playchess.com"]
[Source "ChessBase"]
[SourceQuality "1"]
[TimeControl "40/5400+30:1800+30"]

1. e4 e6 2. d4 d5 3. Nc3 Bb4 4. e5 c5 5. a3 Ba5 6. Bd2 cxd4 7. Nb5 Bc7 8. Nf3 Nc6 9. Bf4 Nge7 10. Nbxd4 Nxd4 11. Qxd4 h6 12. Bd3 Nc6 13. Qe3 Bb6 14. Qd2 Qc7 15. h4 Bd7 16. O-O Nd4 17. Nh2 a6 18. Ng4 Nc6 19. Rfe1 h5 20. Ne3 Bxe3 21. Qxe3 Ne7 22. Rac1 b5 23. Qg3 g6 24. Bg5 Bc8 25. Bf6 Rf8 26. b3 Nf5 27. Bxf5 exf5 28. Qd3 Be6 29. a4 Qc5 30. Red1 Rc8 31. c4 bxc4 32. Rxc4 Qxc4 33. bxc4 Rxc4 34. Qa3 Rc7 35. Qd6 1-0

[Event "EYCC Open-U12 2019"]
[Site "Bratislava"]
[Date "2019.08.10"]
[Round "9.1"]
[White "Petrovskiy, Vadim"]
[Black "Maurizzi, Marc Andria"]
[Result "0-1"]
[WhiteElo "2090"]
[BlackElo "2412"]
[Annotator "NA"]
[PlyCount "98"]
[EventDate "2019.08.02"]
[EventType "swiss"]
[EventCountry "SVK"]
[SourceTitle "playchess.com"]
[Source "ChessBase"]
[SourceQuality "1"]
[TimeControl "40/5400+30:1800+30"]

1. e4 {[%emt 0:00:00]} e5 {[%emt 0:00:00]} 2. Nc3 {[%emt 0:04:02]} Nf6 {[%emt 0:02:14]} 3. f4 {[%emt 0:00:14]} d5 {[%emt 0:00:49]} 4. exd5 {[%emt 0:00:12]} exf4 {[%emt 0:00:15]} 5. Bc4 {[%emt 0:00:27]} Bd6 {[%emt 0:01:43]} 6. Qe2+ {[%emt 0:03:24]} Qe7 {[%emt 0:07:54]} 7. d3 {[%emt 0:02:49]} Bg4 {[%emt 0:06:34]} 8. Nf3 {[%emt 0:05:02]} Bxf3 {[%emt 0:02:42]} 9. Qxe7+ {[%emt 0:01:11]} Kxe7 {[%emt 0:00:08]} 10. gxf3 {[%emt 0:00:07]} Nbd7 {[%emt 0:01:39]} 11. Nb5 {[%emt 0:02:33]} g5 {[%emt 0:04:46]} 12. Bb3 {[%emt 0:02:25]} Nc5 {[%emt 0:13:32]} 13. d4 {[%emt 0:05:09]} Nxb3 {[%emt 0:00:03]} 14. axb3 {[%emt 0:00:10]} Nxd5 {[%emt 0:01:12]} 15. c4 {[%emt 0:05:41]} Nb4 {[%emt 0:03:34]} 16. Ke2 {[%emt 0:00:33]} a6 {[%emt 0:04:37]} 17. Nxd6 {[%emt 0:01:10]} Kxd6 {[%emt 0:00:07]} 18. Ra5 {[%emt 0:01:15]} b5 {[%emt 0:07:34]} 19. cxb5 {[%emt 0:04:28]} Rhe8+ {[%emt 0:00:26]} 20. Kd2 {[%emt 0:01:42]} axb5 {[%emt 0:04:07]} 21. Rxb5 {[%emt 0:00:05]} Nd5 {[%emt 0:00:05]} 22. h4 {[%emt 0:02:36]} h6 {[%emt 0:01:21]} 23. hxg5 {[%emt 0:07:43]} hxg5 {[%emt 0:00:01]} 24. Kd3 {[%emt 0:00:29]} Rh8 {[%emt 0:03:40]} 25. Rxh8 {[%emt 0:00:57]} Rxh8 {[%emt 0:00:02]} 26. Ke4 {[%emt 0:01:55]} c6 {[%emt 0:01:11]} 27. Rc5 {[%emt 0:04:01]} Rb8 {[%emt 0:02:18]} 28. Bd2 {[%emt 0:05:36]} Rxb3 {[%emt 0:00:16]} 29. Bc3 {[%emt 0:00:09]} f6 {[%emt 0:01:36]} 30. Kf5 {[%emt 0:00:25]} Rb8 {[%emt 0:02:06]} 31. Ra5 {[%emt 0:02:17]} Ne3+ {[%emt 0:15:10]} 32. Kxf6 {[%emt 0:05:56]} g4 {[%emt 0:00:04]} 33. d5 {[%emt 0:09:35]} Nxd5+ {[%emt 0:02:34]} 34. Kf5 {[%emt 0:00:10]} Nxc3 {[%emt 0:01:05]} 35. bxc3 {[%emt 0:00:11]} gxf3 {[%emt 0:00:29]} 36. Ra2 {[%emt 0:00:21]} Rb3 {[%emt 0:00:53]} 37. c4 {[%emt 0:00:45]} Kc5 {[%emt 0:00:21]} 38. Kxf4 {[%emt 0:00:08]} Kxc4 {[%emt 0:00:11]} 39. Rc2+ {[%emt 0:00:07]} Kb5 {[%emt 0:00:37]} 40. Ke4 {[%emt 0:00:00]} c5 {[%emt 0:00:00]} 41. Kd5 {[%emt 0:00:17]} c4 {[%emt 0:01:16]} 42. Kd4 {[%emt 0:00:16]} Rd3+ {[%emt 0:00:08]} 43. Ke4 {[%emt 0:00:04]} Kb4 {[%emt 0:00:15]} 44. Rc1 {[%emt 0:00:33]} f2 {[%emt 0:01:05]} 45. Rb1+ {[%emt 0:00:25]} Rb3 {[%emt 0:00:17]} 46. Rf1 {[%emt 0:00:07]} Rb2 {[%emt 0:00:05]} 47. Ke3 {[%emt 0:00:05]} Kb3 {[%emt 0:00:16]} 48. Rh1 {[%emt 0:00:10]} c3 {[%emt 0:00:09]} 49. Rf1 {[%emt 0:00:03]} c2 {[%emt 0:00:44]} 0-1